000 01010nam a2200289 a 4500
001 23664
003 BD-RjUL
005 20211209000945.0
008 140311s1964 enk b 001 0deng d
035 _a(OCoLC)ocm00325330
035 _a(BD-RjUL)23729
040 _aDLC
_cCSU
_dm.c.
_dSLU
_dZCU
_dBD-RjUL
_beng
041 _aeng
082 0 0 _a923.473
_bHOL 1964
100 1 _aHolmes, Oliver Wendell,
_d1841-1935.
_972850
245 1 4 _aThe Holmes-Einstein letters :
_bcorrespondence of Mr. Justice Holmes and Lewis Einstein, 1903-1935 /
_cedited by James Bishop Peabody.
260 _aLondon :
_bMacmillan & Co Ltd,
_c1964.
300 _axxvi, 377 p. ;
_c23 cm.
504 _aIncludes bibliographical references and index.
600 1 0 _aEinstein, Lewis,
_d1877-1967.
_972856
600 1 0 _aHolmes, Oliver Wendell,
_d1841-1935.
_972857
700 1 _aEinstein, Lewis,
_d1877-1967.
_972853
700 1 _aPeabody, James Bishop,
_d1922-
_972854
942 _2ddc
_cBK
999 _c23664
_d23664